Space / (Record no. 136292)
[ view plain ]
| 000 -LEADER | |
|---|---|
| fixed length control field | 01377nam a2200337 i 4500 |
| 001 - CONTROL NUMBER | |
| control field | C2-0339012 |
| 003 - CONTROL NUMBER IDENTIFIER | |
| control field | PPAK |
| 005 - DATE AND TIME OF LATEST TRANSACTION | |
| control field | 20181112103730.0 |
| 008 - FIXED-LENGTH DATA ELEMENTS--GENERAL INFORMATION | |
| fixed length control field | 161201s2015 xxkaco|c ||||| 1 eng d |
| 020 ## - INTERNATIONAL STANDARD BOOK NUMBER | |
| International Standard Book Number | 9781782097372 |
| Terms of availability | RM25.10 |
| Qualifying information | paperback |
| 040 ## - CATALOGING SOURCE | |
| Original cataloging agency | PPAK |
| Language of cataloging | eng |
| Transcribing agency | PPAK |
| Description conventions | rda |
| 082 04 - DEWEY DECIMAL CLASSIFICATION NUMBER | |
| Classification number | 520 |
| Edition number | 23 |
| 090 00 - LOCALLY ASSIGNED LC-TYPE CALL NUMBER (OCLC); LOCAL CALL NUMBER (RLIN) | |
| Classification number (OCLC) (R) ; Classification number, CALL (RLIN) (NR) | 520 |
| Feature heading | BEC |
| Feature heading | RK |
| 100 1# - MAIN ENTRY--PERSONAL NAME | |
| Personal name | Becklake, Sue, |
| Relator term | author. |
| 245 10 - TITLE STATEMENT | |
| Title | Space / |
| Statement of responsibility, etc. | Written by : Sue Becklake, Steve Parker |
| 264 #1 - PRODUCTION, PUBLICATION, DISTRIBUTION, MANUFACTURE, AND COPYRIGHT NOTICE | |
| Place of production, publication, distribution, manufacture | Thaxted, Essex : |
| Name of producer, publisher, distributor, manufacturer | Miles Kelly Publishing Limited , |
| Date of production, publication, distribution, manufacture, or copyright notice | 2015 |
| 300 ## - PHYSICAL DESCRIPTION | |
| Extent | 127 pages : |
| Other physical details | colour photographs ; ; |
| Dimensions | 30 cm |
| 336 ## - CONTENT TYPE | |
| Source | rdacontent |
| Content type term | text |
| 337 ## - MEDIA TYPE | |
| Source | rdamedia |
| Media type term | unmediated |
| 338 ## - CARRIER TYPE | |
| Source | rdacarrier |
| Carrier type term | volume |
| 490 1# - SERIES STATEMENT | |
| Series statement | 300 fantastic facts |
| 500 ## - GENERAL NOTE | |
| General note | Includes index<br/><br/>Your guide to the universe and beyond--Cover |
| 505 ## - FORMATTED CONTENTS NOTE | |
| Formatted contents note | Space --<br/>Astronomy --<br/>Exploring space. |
| 520 ## - SUMMARY, ETC. | |
| Summary, etc. | Planets and stars, astronomy and the exciting lives of astronauts are investigated through 300 facts, cool images and fun cartoons. Learn about star-studded galaxies, discover how astronomers map the skies, and find out how the latest space technology is helping us explore other worlds |
| 650 10 - SUBJECT ADDED ENTRY--TOPICAL TERM | |
| Topical term or geographic name entry element | Space |
| Form subdivision | Juvenile literature |
| Topical term or geographic name entry element | Universe |
| Form subdivision | Juvenile literature |
| Topical term or geographic name entry element | Astronomy |
| Form subdivision | Juvenile literature |
| 700 ## - ADDED ENTRY--PERSONAL NAME | |
| Personal name | Parker, Steve, |
| Relator term | author. |
| 830 #0 - SERIES ADDED ENTRY--UNIFORM TITLE | |
| Uniform title | 300 fantastic facts |
| 942 ## - ADDED ENTRY ELEMENTS (KOHA) | |
| Koha item type | Book |
| Source of classification or shelving scheme | Dewey Decimal Classification |
| Withdrawn | Not for loan | Current library | Shelving location | Date acquired | Full call number | Barcode | Date last seen | Koha item type | Total Checkouts | Date last checked out |
|---|---|---|---|---|---|---|---|---|---|---|
| Perpustakaan Alor Setar | Pinjaman Kanak-kanak | 15/12/2016 | K 520 BEC | A01502172 | 26/04/2023 | Book | 2 | 01/04/2023 | ||
| Not For Loan | Perpustakaan Alor Setar | Rujukan Kanak-kanak | 02/12/2018 | RK 520 BEC | A01586068 | 02/12/2018 | Book | |||
| Not For Loan | Perpustakaan Awam Sungai Petani | Rujukan Kanak-kanak | 02/02/2017 | RK 520 BEC | A01508837 | 09/05/2018 | Book | |||
| Not For Loan | Perpustakaan Baling | Rujukan Kanak-kanak | 02/02/2017 | RK 520 BEC | A01508840 | 09/05/2018 | Book | |||
| Not For Loan | Perpustakaan Jitra | Rujukan Kanak-kanak | 02/02/2017 | RK 520 BEC | A01508838 | 09/05/2018 | Book | |||
| Not For Loan | Perpustakaan Langkawi | Rujukan Kanak-kanak | 02/02/2017 | RK 520 BEC | A01508841 | 09/05/2018 | Book | |||
| Not For Loan | Perpustakaan Merbok | Rujukan Kanak-kanak | 02/02/2017 | RK 520 BEC | A01508842 | 09/05/2018 | Book |